[Event "34.Schlosspark-Open"]
[Site "Wiesbaden-Biebrich"]
[Date "2025.08.30"]
[Round "4.70"]
[White "Vick, Edward"]
[Black "Zeyen, Helmut"]
[Result "1/2-1/2"]
[WhiteElo "1719"]
[BlackElo "1845"]
[PlyCount "87"]
[EventDate "2025.08.28"]
[WhiteTeam "TuS Makkabi Wiesbaden"]
[BlackTeam "Wiesbadener SV 1885"]

1. e4 d5 2. exd5 Nf6 3. Bb5+ Bd7 4. Bc4 Bg4 5. f3 Bf5 6. Nc3 Nbd7 7. Qe2 Nb6 8. d4 a6 9. Bb3 Nbxd5 10. Nxd5 Nxd5 11. g4 Bg6 12. f4 h6 13. f5 Bh7 14. Qe4 c6 15. Nf3 f6 16. Qe6 Bg8 17. Qe4 Nc7 18. Bxg8 Rxg8 19. Bf4 Qd5 20. Qd3 O-O-O 21. c4 Qd7 22. O-O-O e5 23. Bg3 exd4 24. Qxd4 Qxd4 25. Nxd4 Bc5 26. Bxc7 Rxd4 27. Rxd4 Bxd4 28. Bg3 Re8 29. Re1 Rxe1+ 30. Bxe1 Bc5 31. b4 Be7 32. c5 a5 33. a3 axb4 34. Bxb4 Kb8 35. Kc2 Ka7 36. Kc3 Ka6 37. Kc4 Bd8 38. Bc3 Ba5 39. Bb4 Bc7 40. h3 Ba5 41. a4 Bd8 42. Bd2 Ba5 43. Bb4 Bc7 44. Bd2 1/2-1/2

[Event "34.Schlosspark-Open"]
[Site "Wiesbaden-Biebrich"]
[Date "2025.08.30"]
[Round "4.71"]
[White "Fang, Borui"]
[Black "Piacentino, Mirco"]
[Result "1-0"]
[WhiteElo "1831"]
[BlackElo "1667"]
[PlyCount "81"]
[EventDate "2025.08.28"]
[WhiteTeam "SV Oberursel"]
[BlackTeam "SV 1934 Ffm-Griesheim"]

1. e4 c6 2. d4 d5 3. e5 Bf5 4. h4 h5 5. Bd3 Bxd3 6. Qxd3 e6 7. Nf3 Nd7 8. O-O Be7 9. g3 Nh6 10. Nc3 Nf5 11. Ne2 f6 12. Nf4 Kf7 13. Re1 fxe5 14. Nxe6 Kxe6 15. Nxe5 Nxe5 16. Rxe5+ Kd6 17. Qxf5 Qd7 18. Qf4 c5 19. Bd2 Kc6 20. Rae1 Bd6 21. dxc5 Bxe5 22. Rxe5 Rae8 23. Qa4+ Kc7 24. Qxa7 Qc6 25. Qa5+ Kd7 26. Rg5 g6 27. Be3 Ra8 28. Qd2 Rxa2 29. Rxd5+ Kc8 30. Bg5 Kb8 31. Bf4+ Ka7 32. Kh2 Ra1 33. c4 Rd8 34. Be3 Rd7 35. f3 Rf7 36. Bf4 Rf5 37. Rd8 Qxf3 38. Ra8+ Kxa8 39. Qd8+ Ka7 40. Qb8+ Ka6 41. Qa8# 1-0

[Event "34.Schlosspark-Open"]
[Site "Wiesbaden-Biebrich"]
[Date "2025.08.30"]
[Round "4.72"]
[White "Mrsic, Ivan"]
[Black "Busch, Günther"]
[Result "1/2-1/2"]
[WhiteElo "1829"]
[BlackElo "1660"]
[PlyCount "54"]
[EventDate "2025.08.28"]
[WhiteTeam "Sfr.Mainz 1928"]
[BlackTeam "Sfr Stiller Zug Wiesbaden"]

1. e4 d6 2. d4 g6 3. Nc3 Bg7 4. Be3 a6 5. a4 b6 6. Bd3 e6 7. Nf3 Bb7 8. Qd2 Nd7 9. b4 Ne7 10. Bh6 O-O 11. Bxg7 Kxg7 12. h4 Nf6 13. g4 Nxg4 14. h5 Ng8 15. hxg6 h6 16. Rh4 f5 17. O-O-O fxe4 18. Nxe4 Rxf3 19. Rxg4 d5 20. Nc3 Qf6 21. Rf1 Rf8 22. Nd1 e5 23. dxe5 Qxe5 24. Kb1 Qd6 25. Rh1 R3f4 26. Rgh4 Rxh4 27. Rxh4 Qf6 1/2-1/2

[Event "34.Schlosspark-Open"]
[Site "Wiesbaden-Biebrich"]
[Date "2025.08.30"]
[Round "4.73"]
[White "Bolduan, Michael"]
[Black "Wernicke, Dieter"]
[Result "1/2-1/2"]
[WhiteElo "1825"]
[BlackElo "1631"]
[PlyCount "50"]
[EventDate "2025.08.28"]
[WhiteTeam "Sfr Stiller Zug Wiesbaden"]
[BlackTeam "SV Mainspitze Ginsheim"]

1. e4 c6 2. d3 d5 3. Nd2 dxe4 4. Nxe4 Nf6 5. Ng3 Bg4 6. Be2 Bxe2 7. Qxe2 Nbd7 8. Nf3 e6 9. O-O Be7 10. Re1 O-O 11. Bd2 Re8 12. Rad1 Qc7 13. Ne4 h6 14. h3 Rad8 15. g4 Nxe4 16. dxe4 Ne5 17. Bc3 Rxd1 18. Rxd1 Bf6 19. Nxe5 Bxe5 20. Bxe5 Qxe5 21. c3 Qa5 22. Rd7 Rd8 23. Rxd8+ Qxd8 24. Kg2 a5 25. f4 Qd6 1/2-1/2

[Event "34.Schlosspark-Open"]
[Site "Wiesbaden-Biebrich"]
[Date "2025.08.30"]
[Round "4.75"]
[White "Riedel, Thomas"]
[Black "Hafner, Hans-Peter"]
[Result "1-0"]
[WhiteElo "1825"]
[BlackElo "1458"]
[PlyCount "49"]
[EventDate "2025.08.28"]
[WhiteTeam "SC Einrich e.V."]
[BlackTeam "Sfr.Mainz 1928"]

1. e4 c6 2. Nf3 d5 3. Nc3 d4 4. Ne2 c5 5. Ng3 Bg4 6. Bc4 e6 7. h3 Bxf3 8. Qxf3 Bd6 9. Qg4 Qf6 10. d3 Nh6 11. Qe2 Bxg3 12. fxg3 O-O 13. Bf4 e5 14. Bd2 Nc6 15. O-O-O Na5 16. Bxa5 b6 17. Bd2 a6 18. g4 g5 19. h4 Qc6 20. hxg5 b5 21. Bd5 Qd6 22. Rxh6 Qc7 23. Rdh1 Rfb8 24. Rxh7 Kf8 25. Qf3 1-0

[Event "34.Schlosspark-Open"]
[Site "Wiesbaden-Biebrich"]
[Date "2025.08.30"]
[Round "4.76"]
[White "Gerber, Ingo"]
[Black "Brandt, Michael"]
[Result "1/2-1/2"]
[WhiteElo "1708"]
[BlackElo "1817"]
[PlyCount "67"]
[EventDate "2025.08.28"]
[WhiteTeam "Sfr.Mainz 1928"]
[BlackTeam "FT Schierstein"]

1. d4 f5 2. Bf4 Nf6 3. e3 g6 4. Bc4 c6 5. Nd2 Bg7 6. Ngf3 d5 7. Bb3 O-O 8. c4 e6 9. Rc1 Bd7 10. Bd6 Re8 11. Ne5 Bc8 12. c5 Bf8 13. Bxf8 Kxf8 14. O-O a5 15. a3 Na6 16. Ba4 Re7 17. Rb1 Bd7 18. Qc2 Be8 19. Rfc1 Rc7 20. Qd1 Rcc8 21. h3 Rab8 22. b4 axb4 23. axb4 b5 24. cxb6 Rxb6 25. Nd3 Rcb8 26. Nc5 Kf7 27. Nxa6 Rxa6 28. Nf3 Qd6 29. Ne5+ Kg7 30. Qc2 Rxb4 31. Rxb4 Qxb4 32. Bxc6 Bxc6 33. Nxc6 Qd6 34. Ne5 1/2-1/2

[Event "34.Schlosspark-Open"]
[Site "Wiesbaden-Biebrich"]
[Date "2025.08.30"]
[Round "4.78"]
[White "Cimicky, Václav"]
[Black "Mehlen, Theodor"]
[Result "0-1"]
[WhiteElo "1620"]
[BlackElo "1813"]
[PlyCount "77"]
[EventDate "2025.08.28"]
[WhiteTeam "Sfr Stiller Zug Wiesbaden"]
[BlackTeam "SC Matt im Park Ffm"]

1. e4 c5 2. Nf3 Nc6 3. Nc3 e5 4. Bc4 Be7 5. Nd5 Nf6 6. Nxe7 Qxe7 7. d3 h6 8. Be3 d6 9. a3 Bg4 10. h3 Be6 11. Bxe6 Qxe6 12. Qd2 b6 13. Qc3 d5 14. exd5 Nxd5 15. Qc4 Nf4 16. Bxf4 Qxc4 17. dxc4 exf4 18. O-O-O O-O 19. Rd6 Rac8 20. Re1 Rfd8 21. Rxd8+ Rxd8 22. Rd1 Rxd1+ 23. Kxd1 g5 24. Kd2 f5 25. g4 Kf7 26. Kc3 Kf6 27. Nd2 Nd4 28. Kd3 Kg6 29. c3 Nc6 30. Nf3 h5 31. b3 hxg4 32. hxg4 fxg4 33. Nh2 Kf5 34. Nf1 Ne5+ 35. Ke2 Nf3 36. a4 Ke4 37. a5 bxa5 38. b4 axb4 39. cxb4 0-1

[Event "34.Schlosspark-Open"]
[Site "Wiesbaden-Biebrich"]
[Date "2025.08.30"]
[Round "4.79"]
[White "Shtogrin, Joseph Stephan"]
[Black "Hensel, Roman"]
[Result "0-1"]
[WhiteElo "1483"]
[BlackElo "1806"]
[PlyCount "42"]
[EventDate "2025.08.28"]
[WhiteTeam "SAbt TuS Makkabi Ffm"]
[BlackTeam "SV Oberursel"]

1. d4 d5 2. Nf3 Nf6 3. Bf4 c5 4. e3 Nc6 5. c3 Qb6 6. Na3 c4 7. b3 Qa5 8. Qc1 e6 9. Nb1 cxb3 10. Nbd2 Ba3 11. Nxb3 Bxc1 12. Nxa5 Bb2 13. Nb3 Bxc3+ 14. Kd1 Bxa1 15. Nxa1 Ne4 16. Ke2 Nc3+ 17. Kd2 Nxa2 18. Bb5 Ke7 19. Nc2 Nab4 20. Rc1 Nxc2 21. Rxc2 Bd7 0-1

[Event "34.Schlosspark-Open"]
[Site "Wiesbaden-Biebrich"]
[Date "2025.08.30"]
[Round "4.80"]
[White "Glaesser, Leonhard"]
[Black "Rabiya, Karim"]
[Result "0-1"]
[WhiteElo "1661"]
[BlackElo "1800"]
[PlyCount "94"]
[EventDate "2025.08.28"]
[WhiteTeam "Wiesbaden"]
[BlackTeam "SK Niederbrechen 1948"]

1. d4 d6 2. Nf3 g6 3. e4 Bg7 4. Nc3 Nf6 5. Bc4 O-O 6. O-O a6 7. a4 Nbd7 8. e5 dxe5 9. dxe5 Ng4 10. e6 Nde5 11. exf7+ Kh8 12. Qxd8 Rxd8 13. Nxe5 Nxe5 14. Bb3 Bf5 15. Bf4 c5 16. Rfe1 Nc6 17. Bg5 Bf6 18. Bh6 Bg7 19. Bg5 Bf6 20. Bh6 Bg7 21. Bxg7+ Kxg7 22. Rac1 Rd7 23. h3 h5 24. Bd5 Nb4 25. Bb3 Rc8 26. Be6 Bxe6 27. Rxe6 Kxf7 28. Re2 Rcd8 29. Ne4 Rd5 30. h4 e5 31. f3 b5 32. axb5 axb5 33. Nc3 Rd2 34. Rxe5 Nxc2 35. Rxc5 Ne3 36. Nxb5 Rxg2+ 37. Kh1 Rdd2 38. Rc7+ Kf6 39. R7c6+ Ke5 40. R1c5+ Kf4 41. Rf6+ Nf5 42. Nc3 Kxf3 43. Rfxf5+ gxf5 44. Rxf5+ Kg4 45. Rg5+ Kh3 46. Rxg2 Rxg2 47. Nd1 Re2 0-1

[Event "34.Schlosspark-Open"]
[Site "Wiesbaden-Biebrich"]
[Date "2025.08.30"]
[Round "4.82"]
[White "Schmitt, Clemens"]
[Black "Bartsch, Marius"]
[Result "0-1"]
[WhiteElo "1889"]
[BlackElo "1756"]
[PlyCount "76"]
[EventDate "2025.08.28"]
[WhiteTeam "SV Bergwinkel"]
[BlackTeam "Wiesbadener SV 1885"]

1. c4 e6 2. Nc3 d5 3. e3 c6 4. Nf3 Bd6 5. d4 f5 6. Bd3 Nf6 7. Qc2 O-O 8. Ne5 Nbd7 9. f4 Ne4 10. O-O Ndf6 11. Bd2 Nxd2 12. Qxd2 Ne4 13. Qc2 Bd7 14. Ne2 b5 15. b3 Be8 16. Nf3 a6 17. Nc1 Ra7 18. Be2 g5 19. Nd3 Rg7 20. g3 gxf4 21. Nxf4 Bxf4 22. exf4 Bh5 23. Ne5 Nxg3 24. hxg3 Rxg3+ 25. Kf2 Qh4 26. Bxh5 Rc3+ 27. Ke2 Rxc2+ 28. Kd3 Rg2 29. Bf3 Rg3 30. Rh1 Rh3 31. Rag1+ Kh8 32. Ng6+ hxg6 33. Rxh3 Qxh3 34. Rh1 Qxh1 35. Bxh1 Kg7 36. cxb5 axb5 37. a4 bxa4 38. bxa4 Ra8 0-1

[Event "34.Schlosspark-Open"]
[Site "Wiesbaden-Biebrich"]
[Date "2025.08.30"]
[Round "4.83"]
[White "Eckert, Michael"]
[Black "Meding, Olaf"]
[Result "1/2-1/2"]
[WhiteElo "1744"]
[BlackElo "1842"]
[PlyCount "111"]
[EventDate "2025.08.28"]
[WhiteTeam "SK Herborn 1946"]
[BlackTeam "Sfr.Mainz 1928"]

1. c4 c6 2. Nf3 d5 3. g3 Nf6 4. Bg2 e6 5. O-O Be7 6. d4 O-O 7. Nc3 Nbd7 8. Qd3 dxc4 9. Qxc4 Nb6 10. Qd3 c5 11. b3 Bd7 12. Ne5 cxd4 13. Qxd4 Bc8 14. Qxd8 Rxd8 15. Be3 Nbd5 16. Nxd5 Nxd5 17. Bd4 Nf4 18. gxf4 Rxd4 19. e3 Rd8 20. Rfd1 Rxd1+ 21. Rxd1 Kf8 22. Nc4 Ke8 23. Nd6+ Bxd6 24. Rxd6 Ke7 25. Rd4 Rb8 26. Kf1 b6 27. Ra4 a6 28. Rc4 Kd6 29. Rc6+ Kd7 30. Ke1 a5 31. a3 b5 32. b4 axb4 33. axb4 Bb7 34. Rb6 Kc7 35. Rxb7+ Rxb7 36. Bxb7 Kxb7 37. Kd2 Kc6 38. Kd3 f6 39. Kd4 Kd6 40. Ke4 g6 41. Kd4 e5+ 42. fxe5+ fxe5+ 43. Ke4 Ke6 44. f4 exf4 45. exf4 h5 46. h4 Kf6 47. Kd5 Kf5 48. Kc5 Kxf4 49. Kxb5 g5 50. hxg5 Kxg5 51. Kc5 h4 52. b5 h3 53. b6 h2 54. b7 h1=Q 55. b8=Q Qc1+ 56. Kd5 1/2-1/2

[Event "34.Schlosspark-Open"]
[Site "Wiesbaden-Biebrich"]
[Date "2025.08.30"]
[Round "4.84"]
[White "Probstfeld, Bernd"]
[Black "Ziegler, Jörg"]
[Result "0-1"]
[WhiteElo "1671"]
[BlackElo "1838"]
[PlyCount "57"]
[EventDate "2025.08.28"]
[WhiteTeam "SG Pieroth/Burg Layen"]
[BlackTeam "SAbt BKA Wiesbaden"]

1. d4 d5 2. Nf3 Nf6 3. c4 c6 4. e3 e6 5. a3 Be7 6. Nc3 O-O 7. cxd5 exd5 8. Bd3 Bg4 9. h3 Bh5 10. O-O Nbd7 11. Re1 Re8 12. e4 dxe4 13. Nxe4 Nxe4 14. Bxe4 Nf6 15. Bc2 Bxf3 16. gxf3 Qd7 17. Kg2 Rad8 18. Be3 Nd5 19. Qd3 g6 20. Rh1 Bd6 21. Qd2 Qc7 22. Rag1 Bf4 23. Be4 Nxe3+ 24. fxe3 f5 25. exf4 fxe4 26. Re1 exf3+ 27. Kxf3 Qd7 28. Rxe8+ Rxe8 29. Qd3 0-1

[Event "34.Schlosspark-Open"]
[Site "Wiesbaden-Biebrich"]
[Date "2025.08.30"]
[Round "4.85"]
[White "Donecker, Stefan"]
[Black "Will, Elina"]
[Result "1-0"]
[WhiteElo "1780"]
[BlackElo "1606"]
[PlyCount "43"]
[EventDate "2025.08.28"]
[WhiteTeam "SAbt TuS Dotzheim"]
[BlackTeam "TuS Makkabi Wiesbaden"]

1. Nc3 e5 2. Nf3 Nc6 3. d4 exd4 4. Nxd4 Bc5 5. Nxc6 Qf6 6. Ne4 Qxc6 7. Nxc5 Qxc5 8. Be3 Qb4+ 9. Qd2 Qb5 10. Bd4 f6 11. e4 Qc6 12. O-O-O Ne7 13. e5 f5 14. h4 b6 15. Be2 Qe6 16. b3 Bb7 17. Bc4 Nd5 18. Bb2 c6 19. Ba3 O-O-O 20. Bd6 b5 21. Bxd5 Qxd5 22. Qa5 1-0

[Event "34.Schlosspark-Open"]
[Site "Wiesbaden-Biebrich"]
[Date "2025.08.30"]
[Round "4.86"]
[White "Hübner, Kai"]
[Black "Goodwin, David"]
[Result "1-0"]
[WhiteElo "1763"]
[BlackElo "1601"]
[PlyCount "97"]
[EventDate "2025.08.28"]
[WhiteTeam "SC Flörsheim 1921"]
[BlackTeam "SV 1920 Kelsterbach"]

1. d4 g6 2. Bf4 Bg7 3. e4 c5 4. c3 cxd4 5. cxd4 Nf6 6. Nc3 Qa5 7. Bd3 d6 8. Qd2 Nh5 9. Be3 Nc6 10. Nge2 Bd7 11. a3 O-O 12. b4 Qd8 13. O-O e5 14. Bc2 Nf6 15. Rad1 Ne7 16. Bh6 Rc8 17. Bxg7 Kxg7 18. dxe5 dxe5 19. Qg5 Qc7 20. Bb1 a6 21. Nd5 Nexd5 22. exd5 h6 23. Qg3 Nh5 24. Qe3 Qd6 25. Rfe1 Rfe8 26. Nc3 Nf6 27. f3 b5 28. Be4 Rb8 29. Kh1 Nh7 30. Qc5 Rb6 31. Bb1 f5 32. Qe3 Nf6 33. Ne2 f4 34. Qc5 Rc8 35. Qxd6 Rxd6 36. Be4 Nxe4 37. fxe4 Bg4 38. Rc1 Rcd8 39. Rc3 Kf6 40. Nxf4 Kg5 41. Nd3 Rf6 42. Nxe5 Rdf8 43. Nf3+ Bxf3 44. gxf3 Rxf3 45. Rxf3 Rxf3 46. e5 Rf8 47. e6 Kf6 48. e7 Re8 49. d6 1-0

[Event "34.Schlosspark-Open"]
[Site "Wiesbaden-Biebrich"]
[Date "2025.08.30"]
[Round "4.88"]
[White "Chen, Lilly"]
[Black "Weidemann, Max"]
[Result "0-1"]
[WhiteElo "1567"]
[BlackElo "1656"]
[PlyCount "114"]
[EventDate "2025.08.28"]
[WhiteTeam "Sfr Stiller Zug Wiesbaden"]
[BlackTeam "Vorw.Orient Mainz"]

1. Nf3 Nf6 2. c4 g6 3. b3 Bg7 4. Bb2 d5 5. cxd5 Qxd5 6. Nc3 Qa5 7. Ne4 O-O 8. Nxf6+ exf6 9. e3 c5 10. Be2 Nc6 11. Bc3 Qb6 12. h3 Rd8 13. O-O Ne5 14. Qe1 Nd3 15. Bxd3 Rxd3 16. Qe2 Rd6 17. d4 Bd7 18. dxc5 Qxc5 19. Bd4 Qh5 20. Rfd1 Bc6 21. e4 Re6 22. Be3 Rxe4 23. Nd4 Qxe2 24. Nxe2 f5 25. Rac1 a6 26. Nd4 f4 27. Nxc6 fxe3 28. fxe3 bxc6 29. Kf2 Rae8 30. Re1 R4e6 31. Rc4 Bh6 32. e4 f5 33. Kf3 Rxe4 34. Rcxe4 Rxe4 35. Rxe4 fxe4+ 36. Kxe4 Kf7 37. Kd4 Bf8 38. g4 Ke6 39. Ke4 Bd6 40. Kf3 Ke5 41. Ke3 g5 42. a4 a5 43. Kd3 Kf4 44. Kc4 Kg3 45. b4 Bxb4 46. Kd4 Kxh3 47. Ke5 Kxg4 48. Ke6 Kf3 49. Kf6 g4 50. Kg7 g3 51. Kxh7 g2 52. Kg6 g1=Q+ 53. Kf6 Ke4 54. Kf7 Ke5 55. Ke8 Qg7 56. Kd8 Kd6 57. Kc8 Qc7# 0-1

[Event "34.Schlosspark-Open"]
[Site "Wiesbaden-Biebrich"]
[Date "2025.08.30"]
[Round "4.89"]
[White "Meyer-Jany, Marcel"]
[Black "Krannich, Eva"]
[Result "1/2-1/2"]
[WhiteElo "1815"]
[BlackElo "1651"]
[PlyCount "33"]
[EventDate "2025.08.28"]
[WhiteTeam "SC Mattmeister Karben 1998"]
[BlackTeam "Sfr.Heidesheim"]

1. d4 Nf6 2. c4 g6 3. Nc3 Bg7 4. e4 d6 5. f3 O-O 6. Bg5 a6 7. Qd2 Nc6 8. d5 Ne5 9. f4 Ned7 10. Nf3 Nc5 11. Bd3 b5 12. cxb5 axb5 13. O-O b4 14. Bxf6 Bxf6 15. Ne2 b3 16. a3 Bg7 17. Nfd4 1/2-1/2

[Event "34.Schlosspark-Open"]
[Site "Wiesbaden-Biebrich"]
[Date "2025.08.30"]
[Round "4.90"]
[White "Stehning, Michel"]
[Black "Wolf, Aurelia"]
[Result "1-0"]
[WhiteElo "1709"]
[BlackElo "1589"]
[PlyCount "93"]
[EventDate "2025.08.28"]
[WhiteTeam "SF Braunfels"]
[BlackTeam "SK Bad Homburg 1927"]

1. d4 Nf6 2. Bf4 e6 3. Nf3 d5 4. e3 c5 5. c3 Nc6 6. Nbd2 Be7 7. h3 O-O 8. Bd3 b6 9. Qe2 a6 10. e4 Ra7 11. e5 Nd7 12. h4 f6 13. Bg3 Qe8 14. h5 Rf7 15. exf6 Nxf6 16. Ng5 Rf8 17. Nxe6 Rf7 18. h6 g6 19. Ng5 Rf8 20. Ndf3 Bd8 21. O-O-O Re7 22. Qc2 Qd7 23. Ne5 Nxe5 24. dxe5 Ng4 25. e6 Qe8 26. Rh4 Nf6 27. Bd6 Bxe6 28. Bxe7 Qxe7 29. Nxe6 Qxe6 30. Rdh1 Ng4 31. Re1 Bg5+ 32. Kb1 Qf7 33. Qe2 Nxh6 34. Qe5 Bf4 35. Qe6 Qxe6 36. Rxe6 Ng4 37. Bxg6 Nxf2 38. Rxh7 Ng4 39. Rc7 Be5 40. Bh5 Rf1+ 41. Kc2 Ne3+ 42. Kb3 c4+ 43. Ka4 b5+ 44. Ka5 Rf5 45. Bg6 Rf6 46. Re8+ Rf8 47. Rxe5 1-0

[Event "34.Schlosspark-Open"]
[Site "Wiesbaden-Biebrich"]
[Date "2025.08.30"]
[Round "4.91"]
[White "Hammel, Jens"]
[Black "Spiegel, Nina"]
[Result "0-1"]
[WhiteElo "1641"]
[BlackElo "1716"]
[PlyCount "62"]
[EventDate "2025.08.28"]
[WhiteTeam "SK 1858 Gießen"]
[BlackTeam "Sfr Stiller Zug Wiesbaden"]

1. d4 Nf6 2. Bf4 e6 3. e3 b6 4. c4 Bb7 5. Nf3 c5 6. Nbd2 Be7 7. Bd3 O-O 8. Qc2 d5 9. cxd5 exd5 10. O-O Nbd7 11. Ne5 h6 12. g4 cxd4 13. Nxd7 Qxd7 14. Bf5 Qb5 15. exd4 Bc8 16. Bd3 Qd7 17. g5 hxg5 18. Be5 Qh3 19. f3 g4 20. Bf5 Bxf5 21. Qxf5 Qh6 22. Bxf6 Bxf6 23. Qd3 Rfe8 24. Rfe1 gxf3 25. Nxf3 Rac8 26. Qb5 Re4 27. Qd7 Rd8 28. Qxa7 Qf4 29. Rf1 Qg4+ 30. Kh1 Re2 31. Ne5 Qg2# 0-1

[Event "34.Schlosspark-Open"]
[Site "Wiesbaden-Biebrich"]
[Date "2025.08.30"]
[Round "4.92"]
[White "Ju, Eric Zirui"]
[Black "Luber, Maximilian"]
[Result "1-0"]
[WhiteElo "1699"]
[BlackElo "1518"]
[PlyCount "55"]
[EventDate "2025.08.28"]
[WhiteTeam "SV Oberursel"]
[BlackTeam "SK Schwandorf"]

1. e4 e5 2. Nf3 d6 3. d4 exd4 4. Nxd4 Nf6 5. Nc3 g6 6. f4 Bg7 7. e5 dxe5 8. fxe5 Ng4 9. Bb5+ Bd7 10. Qxg4 Nc6 11. Qd1 Nxd4 12. Qxd4 Bxb5 13. Qxd8+ Rxd8 14. Nxb5 Bxe5 15. O-O Rd5 16. a4 a6 17. Na3 Rd4 18. Nb1 h5 19. Nc3 h4 20. b3 h3 21. g3 Rg4 22. Rf3 b5 23. axb5 axb5 24. Ra8+ Kd7 25. Rxh8 Bxh8 26. Nxb5 Re4 27. Kf2 Kc6 28. Na3 1-0

[Event "34.Schlosspark-Open"]
[Site "Wiesbaden-Biebrich"]
[Date "2025.08.30"]
[Round "4.93"]
[White "Wolf, Helena"]
[Black "Strache, Rolf"]
[Result "1/2-1/2"]
[WhiteElo "1622"]
[BlackElo "1684"]
[PlyCount "59"]
[EventDate "2025.08.28"]
[WhiteTeam "SK Bad Homburg 1927"]
[BlackTeam "SK Herborn 1946"]

1. e4 c5 2. Nf3 g6 3. d4 cxd4 4. Nxd4 Bg7 5. c4 Nc6 6. Be3 Nf6 7. f3 d6 8. Nc3 O-O 9. Qd2 Re8 10. Be2 a6 11. O-O Nd7 12. Rfd1 Nf8 13. Rac1 Ne6 14. Nxc6 bxc6 15. c5 dxc5 16. Qxd8 Rxd8 17. Rxd8+ Nxd8 18. Bxc5 Bf6 19. Ba3 Ne6 20. Na4 Nd4 21. Bf1 Nb5 22. Rxc6 Nxa3 23. bxa3 Bd7 24. Rc4 Be6 25. Rc2 Rb8 26. Kf2 a5 27. Bd3 h5 28. Ke2 Be5 29. h3 Bd6 30. Nc5 1/2-1/2

[Event "34.Schlosspark-Open"]
[Site "Wiesbaden-Biebrich"]
[Date "2025.08.30"]
[Round "5.1"]
[White "Milov, Leonid"]
[Black "Kollars, Dmitrij"]
[Result "0-1"]
[WhiteElo "2390"]
[BlackElo "2644"]
[PlyCount "92"]
[EventDate "2025.08.28"]
[WhiteTeam "SC Noris-Tarrasch Nürnberg 1873"]
[BlackTeam "SF Deizisau"]

1. c4 Nf6 2. g3 g6 3. Bg2 Bg7 4. Nc3 O-O 5. d4 Nc6 6. h3 d6 7. Nf3 e5 8. Be3 Re8 9. dxe5 dxe5 10. Rc1 Be6 11. Qxd8 Rexd8 12. b3 Bf8 13. O-O h6 14. Rcd1 Kg7 15. Nd2 Rd7 16. Ndb1 a6 17. Rxd7 Nxd7 18. Rd1 f5 19. Bd5 Kf7 20. f4 Bd6 21. Kf2 Rb8 22. Bxc6 bxc6 23. fxe5 Nxe5 24. Na4 Nd7 25. Bf4 Ke7 26. Nd2 g5 27. Bxd6+ cxd6 28. Nf3 c5 29. Nc3 Nf6 30. h4 Ng4+ 31. Kg1 Rg8 32. hxg5 hxg5 33. Nd5+ Bxd5 34. Rxd5 Ne3 35. Rd3 f4 36. Nh2 Ke6 37. Nf1 Ng4 38. Kg2 Rf8 39. Nh2 Ne5 40. Rd1 fxg3 41. Kxg3 g4 42. Rg1 Rh8 43. Rg2 Kf5 44. Rf2+ Kg5 45. Kg2 Ng6 46. e3 Nh4+ 0-1

[Event "34.Schlosspark-Open"]
[Site "Wiesbaden-Biebrich"]
[Date "2025.08.30"]
[Round "5.2"]
[White "Poetsch, Hagen"]
[Black "Helmer, Jan"]
[Result "1/2-1/2"]
[WhiteElo "2479"]
[BlackElo "2231"]
[PlyCount "39"]
[EventDate "2025.08.28"]
[WhiteTeam "SC Heusenstamm"]
[BlackTeam "HSK Lister Turm"]

1. d4 d5 2. Nf3 Nf6 3. g3 c6 4. Bg2 h6 5. c4 Bf5 6. Qb3 Qb6 7. c5 Qxb3 8. axb3 Nbd7 9. b4 a6 10. Nc3 Rc8 11. O-O e6 12. Nd2 Bc2 13. Nd1 g5 14. Ne3 Bg6 15. Nb3 Bg7 16. f3 O-O 17. Bd2 Ne8 18. f4 gxf4 19. gxf4 f5 20. Nd1 1/2-1/2

[Event "34.Schlosspark-Open"]
[Site "Wiesbaden-Biebrich"]
[Date "2025.08.30"]
[Round "5.3"]
[White "Töpfer, Albrecht"]
[Black "Boidman, Yuri"]
[Result "1/2-1/2"]
[WhiteElo "2139"]
[BlackElo "2250"]
[PlyCount "41"]
[EventDate "2025.08.28"]
[WhiteTeam "SC Fulda"]
[BlackTeam "SC Heimbach-Weis/Neuwied e.V."]

1. d4 d5 2. Nf3 Nf6 3. Bf4 c5 4. e3 Nc6 5. Nbd2 e6 6. c3 Bd6 7. Bg3 O-O 8. Bd3 Qe7 9. Ne5 Nd7 10. Nxd7 Bxd7 11. Bxd6 Qxd6 12. dxc5 Qxc5 13. Bxh7+ Kxh7 14. Qh5+ Kg8 15. Ne4 Qc4 16. Ng5 Rfd8 17. Qxf7+ Kh8 18. Qh5+ Kg8 19. O-O-O Qxa2 20. Qf7+ Kh8 21. Qh5+ 1/2-1/2

[Event "34.Schlosspark-Open"]
[Site "Wiesbaden-Biebrich"]
[Date "2025.08.30"]
[Round "5.4"]
[White "Weber, Samuel"]
[Black "Geltz, Noah"]
[Result "1/2-1/2"]
[WhiteElo "2239"]
[BlackElo "2169"]
[PlyCount "25"]
[EventDate "2025.08.28"]
[WhiteTeam "SV Oberursel"]
[BlackTeam "SF HN-Biberach 1978 e.V."]

1. c4 c6 2. Nf3 d5 3. e3 Nf6 4. b3 Bf5 5. Bb2 e6 6. Be2 h6 7. Nc3 Bd6 8. d4 Nbd7 9. h3 Qe7 10. a3 a6 11. b4 dxc4 12. Bxc4 b5 13. Bd3 1/2-1/2

[Event "34.Schlosspark-Open"]
[Site "Wiesbaden-Biebrich"]
[Date "2025.08.30"]
[Round "5.5"]
[White "Regis, Georg"]
[Black "Baranyai-Molnar, Adam"]
[Result "1-0"]
[WhiteElo "2074"]
[BlackElo "2278"]
[PlyCount "103"]
[EventDate "2025.08.28"]
[WhiteTeam "Vorw.Orient Mainz"]
[BlackTeam "SF Neuberg"]

1. b3 e5 2. Bb2 Nc6 3. g3 d5 4. Bg2 Be6 5. d3 f5 6. Nd2 Nf6 7. a3 a5 8. c4 d4 9. Ngf3 Be7 10. O-O O-O 11. Qc2 h6 12. Rfe1 Bc5 13. Nf1 Qd6 14. e3 Rae8 15. exd4 exd4 16. Re2 Bd7 17. Ra2 f4 18. Rxe8 Rxe8 19. Bc1 Nh5 20. Qd1 fxg3 21. hxg3 Bg4 22. N1h2 Bxf3 23. Nxf3 Ne5 24. Ng5 Nf6 25. Ne4 Nxe4 26. Bxe4 c6 27. Qh5 Qf8 28. Kg2 Nd7 29. Qg6 Nf6 30. Bxh6 Qf7 31. Qg5 Nxe4 32. dxe4 b6 33. Qg4 Qe7 34. f3 Qf6 35. Bg5 Qd6 36. Ra1 d3 37. Qh5 Re6 38. b4 Qd4 39. Rh1 Qf2+ 40. Kh3 Bd6 41. Qg4 Re8 42. Bf6 Qxg3+ 43. Qxg3 Bxg3 44. Bxg7 Kxg7 45. Kxg3 axb4 46. axb4 Rd8 47. Rd1 Rd4 48. c5 b5 49. Kf4 Kf7 50. Ke5 Rd8 51. Rd2 Ke7 52. f4 1-0

[Event "34.Schlosspark-Open"]
[Site "Wiesbaden-Biebrich"]
[Date "2025.08.30"]
[Round "5.6"]
[White "Schupp, Tobias"]
[Black "Engel, Bruno"]
[Result "1/2-1/2"]
[WhiteElo "2071"]
[BlackElo "2192"]
[PlyCount "41"]
[EventDate "2025.08.28"]
[WhiteTeam "SK Niederbrechen 1948"]
[BlackTeam "Lübecker SV von 1873"]

1. d4 Nf6 2. Nf3 b6 3. Bf4 Bb7 4. Nbd2 d6 5. h3 g6 6. e3 Bg7 7. Bc4 Nbd7 8. Qe2 a6 9. a4 e6 10. O-O Qe7 11. Rfd1 e5 12. dxe5 Nxe5 13. Nxe5 dxe5 14. Bh2 O-O 15. Nf3 Ne8 16. c3 Nd6 17. Bd5 c6 18. Bb3 Ne4 19. Nd2 Nc5 20. Bc2 a5 21. Ne4 1/2-1/2

[Event "34.Schlosspark-Open"]
[Site "Wiesbaden-Biebrich"]
[Date "2025.08.30"]
[Round "5.7"]
[White "Lesny, Florian"]
[Black "Dörr, Tarik"]
[Result "1-0"]
[WhiteElo "2235"]
[BlackElo "2010"]
[PlyCount "79"]
[EventDate "2025.08.28"]
[WhiteTeam "Schachfreunde Hünstetten"]
[BlackTeam "SC Einrich e.V."]

1. e4 e6 2. d4 d5 3. e5 c5 4. c3 Nc6 5. Nf3 Qb6 6. a3 c4 7. Nbd2 Na5 8. Rb1 Bd7 9. h4 h6 10. Be2 Qc7 11. Nf1 Nb3 12. Bf4 Ba4 13. N3d2 Ne7 14. h5 Nc8 15. Ne3 Nb6 16. Nxb3 Bxb3 17. Qd2 O-O-O 18. Bg3 Be7 19. f4 f5 20. Bf2 Rdf8 21. g4 Kb8 22. gxf5 exf5 23. Bf3 Qd7 24. Rg1 Rhg8 25. Rg6 Ba4 26. Ke2 Bc6 27. Rbg1 Bd8 28. Qc2 Ka8 29. Qb1 Bc7 30. Qf1 Na4 31. Nd1 Qe7 32. Qg2 Nxb2 33. Nxb2 Qxa3 34. Nd1 Qa2+ 35. Kf1 Ba4 36. Be1 Bc2 37. Qd2 Ba5 38. Ne3 Bxc3 39. Qxc2 Qa1 40. Qxc3 1-0